000 00508nam a22001817a 4500
005 20130619112455.0
010 _aENG-107440
020 _a9788184002898
_c350.00
035 _aEN-90973
037 _bDBAD/PUB
082 _aN
100 _aNadeem Aslam
245 _aSeason of the rainbirds /
_cby Nadeem Aslam
260 _aNoida
_bRandon House India
_c2012
270 _aWindsor IT Park, 7th Floor, Tower-B, A-1,Sector-125
_bNoida
_e201301
300 _axiv,239p.
_c21cm(pbk)
942 _2ddc
_cEN
_mNAD
_hN
999 _c76338
_d76338